Normal view MARC view
  • Nursing Education

Entry Corporate Name

Number of records used in: 4

001 - CONTROL NUMBER

  • control field: 216416

003 - CONTROL NUMBER IDENTIFIER

  • control field: OSt

005 - DATE AND TIME OF LATEST TRANSACTION

  • control field: 20260122120530.0

008 - FIXED-LENGTH DATA ELEMENTS

  • fixed length control field: 260122|| aca||aabn | a|a d

040 ## - CATALOGING SOURCE

  • Original cataloging agency: OSt
  • Transcribing agency: OSt

110 ## - HEADING--CORPORATE NAME

  • Corporate name or jurisdiction name as entry element: Nursing Education

670 ## - SOURCE DATA FOUND

  • Source citation: Work cat.: (OSt)370036: Deori doli, Educational Technology Nursing education for BSc Nursing Students 5th Semester, 22.01.2026